000 00478pab a2200181 454500
008 180718b1995 xxu||||| |||| 00| 0 eng d
100 _aJoshi, Navin Chandra
245 _aRejuvenative rural life through industrial growth
260 _c1995
300 _ap.9-13
362 _aSep
650 _aUnemployment - India
650 _aRural industries - India
650 _aRural development - India
650 _aRural development
773 _aKurukshetra
909 _a31532
999 _c31532
_d31532